El Salvador (Registro nro. 4052)

Detalles MARC
000 -CABECERA
Longitud fija campo de control 00650nam a22001937a 4500
003 - IDENTIFICADOR DELl NÚMERO DE CONTROL
Identificador del número de control OSt
005 - FECHA Y HORA DE LA ÚLTIMA TRANSACCIÓN
Fecha y hora de la última transacción 20191205145403.0
008 - CÓDIGOS DE INFORMACIÓN DE LONGITUD FIJA
Códigos de información de longitud fija 130925b xxu||||| |||| 00| 0 esp d
040 ## - FUENTE DE LA CATALOGACIÓN
Centro catalogador de origen BMC
Centro transcriptor BMC
082 ## - NÚMERO DE LA CLASIFICACIÓN DECIMAL DEWEY
Númeroo de clasificación 972.84053
100 10 - PUNTO DE ACCESO PRINCIPAL-NOMBRE DE PERSONA
9 (RLIN) 4774
Nombre de persona Martínez Peñate, Óscar
245 10 - MENCIÓN DE TÍTULO
Título El Salvador
Resto del título : del conflicto armado a la negociación, 1979-1989
Mención de responsabilidad, etc. Óscar Martínez Peñate ; [traducción, María Elena Sánchez]
250 ## - MENCIÓN DE EDICIÓN
Mención de edición 1ª ed., 2ª reimp
260 ## - PUBLICACIÓN, DISTRIBUCIÓN, ETC. (PIE DE IMPRENTA)
Lugar de publicación, distribución, etc. San Salvador
Nombre del editor, distribuidor, etc. Nuevo Enfoque
Fecha de publicación, distribución, etc. 1998
300 ## - DESCRIPCIÓN FÍSICA
Extensión 231 p.
Dimensiones 20 cm
651 04 - PUNTO DE ACCESO ADICIONAL DE MATERIA - NOMBRE GEOGRÁFICO
9 (RLIN) 9155
Nombre geográfico El Salvador
Subdivisión de materia general Historia
Subdivisión cronológica 1980-1992 (Guerra civil)
700 1# - PUNTO DE ACCESO ADICIONAL - NOMBRE DE PERSONA
9 (RLIN) 9246
Nombre de persona Sánchez, María Elena
942 ## - ENTRADA DE ELEMENTOS AGREGADOS (KOHA)
Fuente de clasificaión o esquema Dewey Decimal Classification
Koha [por defecto] tipo de item 1- Monografias
Existencias
Suprimido Perdido Fuente de clasificación o esquema Estropeado Restricciones de uso No para préstamo Código de colección Localización permanente Localización actual Localización en estanter&íacute;as Fecha adquisición Fuente de adquisición Número de inventario Préstamos totales Signatura completa Código de barras Fecha última consulta Fecha último préstamo Coste, precio reemplazado Fecha del precio de reemplazo Tipo de item de Koha
NULL NULL Dewey Decimal Classification NULL Prestable NULL NULL Biblioteca Miguel de Cervantes - UNICAES Biblioteca Miguel de Cervantes - UNICAES Sala Principal 14/11/2013 Donación - Romeo Tovar Astorga 007013 2 972.84 MAR els 1007013 20/05/2024 17/05/2024 15.00 14/11/2013 1- Monografias